| 000 | 00606nam a2200217 a 4500 | ||
|---|---|---|---|
| 001 | 84759 | ||
| 003 | BD-RjUL | ||
| 005 | 20250306141611.0 | ||
| 008 | 250306r19531952us ||||| |||| 00| 0 eng d | ||
| 035 | _a(BD-RjUL)84759 | ||
| 040 |
_aBD-RjUL _beng _cBD-RjUL |
||
| 041 | _aeng | ||
| 082 |
_223 _a813.54 _bHAE 1952 |
||
| 100 |
_aHawley, Cameron _915152 |
||
| 245 |
_aExecutive suite / _cCameron Hawley |
||
| 260 |
_aBoston : _bDughton Mifflin Comaany, _c1952 |
||
| 300 |
_a346 pages ; _c19 cm. |
||
| 650 |
_aBooks that Shaped Work in America _915153 |
||
| 650 |
_aAmerican Fiction _93004 |
||
| 942 |
_2ddc _cBK |
||
| 999 |
_c84759 _d84759 |
||